High School Musical - When there was me and you lyrics - Statistics

General Stats
  • This quiz has been taken 93 times
  • The average score is 162 of 215
Answer Stats
Answer % Correct
i
100%
when
100%
you
100%
the
98%
a
92%
and
90%
be
90%
from
90%
funny
90%
it
90%
It's
90%
its
90%
looking
90%
yourself
90%
find
88%
there
88%
im
87%
my
85%
but
83%
could
83%
me
83%
to
83%
dream
81%
is
81%
were
81%
not
79%
now
79%
sleeping
79%
all
77%
fairy
77%
tale
77%
that
77%
want
77%
was
77%
don't
75%
dont
75%
over
75%
standing
75%
believe
73%
here
73%
wish
73%
feel
71%
star
71%
thought
71%
true
71%
with
71%
cause
69%
did
69%
feelings
69%
upon
69%
confused
67%
tell
67%
truth
67%
myself
65%
happen
63%
like
63%
miracles
63%
then
63%
can
62%
care
62%
have
62%
let
62%
on
62%
pretend
62%
really
62%
so
62%
why
62%
knew
60%
coming
58%
else
58%
empty
58%
everybody
58%
heart
58%
youre
58%
just
56%
melody
56%
sing
56%
thats
56%
along
54%
come
52%
left
52%
went
52%
changed
50%
for
50%
heard
50%
know
50%
made
50%
only
50%
singing
50%
song
50%
because
48%
words
48%
dreams
46%
liked
46%
meant
46%
once
46%
view
46%
wishes
46%
cant
44%
smiled
44%
even
42%
blind
40%
too
40%
falling
38%
mind
38%
didnt
37%
swore
33%
used-to-be's
31%
felt
29%
while
29%
floating
19%
outsidI'me
2%
No matching quizzes found
Score Distribution
Percent of People with Each Score
Percentile by Number Answered
Your Score History
You have not taken this quiz